| 000 | 00606nam a2200205 4500 | ||
|---|---|---|---|
| 001 | 37658 | ||
| 003 | BD-RjUL | ||
| 005 | 20211209052631.0 | ||
| 008 | 150205s1992 ii a|||| |||| 00| 0 eng d | ||
| 035 | _a(BD-RjUL)37762 | ||
| 040 |
_aBD-RjUL _beng _cBD-RjUL _dBD-RjUL |
||
| 041 | _aeng | ||
| 082 |
_219 _a632 CRO 1992 |
||
| 245 |
_aCrop loss assessment and pest management / _cedited by P.S. Teng. |
||
| 260 |
_aLucknow : _bInternational Book Distributing Co. _c1992. |
||
| 300 |
_a270 p. : _bill. ; _c28 cm |
||
| 650 |
_aPlants, Protection of. _9115789 |
||
| 700 |
_aTeng, P.S. _9114948 |
||
| 942 |
_2ddc _cBK |
||
| 999 |
_c37658 _d37658 |
||